Города по Фото — Г - Statistics

General Stats
  • This quiz has been taken 44 times
  • The average score is 6 of 18
Answer Stats
Picture Answer % Correct
Гонконг
73%
Гавана
63%
Гамбург
60%
Гиза
57%
Газа
53%
Грозный
50%
Гродно
43%
Гуанчжоу
40%
Глазго
37%
Ганновер
30%
Гданьск
23%
Герника
17%
Гранада
10%
Гент
10%
Гавр
7%
Гётеборг
7%
Гондэр
0%
Голд-Кост
0%
No matching quizzes found
Score Distribution
Percent of People with Each Score
Percentile by Number Answered
Your Score History
You have not taken this quiz